World of Warcraft Main Characters 2 - Statistics

General Stats
  • This quiz has been taken 847 times
    845 since last reset
  • The average score is 22 of 78
Answer Stats
Answer % Correct
Go'el
93%
Garrosh Hellscream
77%
Arthas Menethil
72%
Sylvanas Windrunner
72%
Varian Wyrnn
70%
Grom Hellscream
69%
Neltharion
67%
Vol'jin
67%
C'thun
63%
Malfurion Stormrage
62%
Ysera
60%
Tyrande Whisperwind
59%
Baine Bloodhoof
58%
Prophet Velen
58%
Jaina Proudmoore
55%
Cairne Bloodhoof
54%
Yogg-Saron
53%
Archimonde
52%
Malygos
51%
Kil'jaeden
46%
Magni Bronzebeard
46%
Nozdormu
45%
Queen Azshara
45%
Gul'dan
42%
Kel'thuzad
39%
Trade Prince Gallywix
39%
Zul'jin
39%
Muradin Bronzebeard
38%
Durotan
36%
Cenarius
35%
Lady Vashj
35%
Onyxia
30%
Orgrim Doomhammer
26%
High Tinker Mekkatorque
25%
Bolvar Fordragon
23%
Elune
23%
Tirion Fordring
23%
Uther the Lightbringer
22%
Moira Bronzebeard
21%
Alleria Windrunner
20%
Alextrasza
18%
Aman'thul
18%
Falstad Wildhammer
17%
Magatha Grimtotem
17%
A'dal
16%
Khadgar
16%
Nefarian
16%
Ragnaros
16%
Anub'arak
13%
Eonar
12%
Gazlowe
12%
Maiev Shadowsong
12%
Vereesa Windrunner
11%
M'uru
10%
Varok Saurfang
10%
Akama
9%
Malorne
9%
Dath'Remar Sunstrider
8%
Genn Greymane
8%
Khaz'goroth
7%
Krasus
7%
Norgannon
7%
Grand Apothecary Putress
6%
Mekgineer Sikko Thermaplugg
6%
The Earthmother
6%
Aviana
5%
Hakkar the Soulflayer
4%
K'ure
4%
Nobundo
4%
Therazane
4%
Aegwynn
3%
Dranosh Saurfang
2%
Galen Trollbane
2%
Agamaggan
1%
Boss Mida
1%
Restalaan
1%
Teranas Menethil II
1%
Meidvh
0%
No matching quizzes found
Score Distribution
Percent of People with Each Score
Percentile by Number Answered
Your Score History
You have not taken this quiz since the last reset